000 00310nam a2200133Ia 4500
008 231129s1984||||xx |||||||||||||| ||spa||
040 _bspa
082 _a255.3 M291f
100 _aMantilla R. Luis Carlos
245 0 _aLos franciscanos en Colombia
260 _c1984
264 _aKelly
942 _2ddc
_cBKS
999 _c19686
_d19686